Catálogo

Vista normal Vista MARC

Entrada Personal Name

Número de registros utilizados en: 1

001 - CONTROL NUMBER

  • control field: 17159

003 - CONTROL NUMBER IDENTIFIER

  • control field: DLC

005 - DATE AND TIME OF LATEST TRANSACTION

  • control field: 20250606140453.0

008 - FIXED-LENGTH DATA ELEMENTS

  • fixed length control field: 790503n| azannaabn |a aaa

010 ## - LIBRARY OF CONGRESS CONTROL NUMBER

  • LC control number: n 79039164

035 ## - SYSTEM CONTROL NUMBER

  • System control number: (OCoLC)oca00272666

040 ## - CATALOGING SOURCE

  • Original cataloging agency: DLC
  • Language of cataloging: spa
  • Description conventions: rda
  • Transcribing agency: Mx-PuUPA
  • Modifying agency: OCoLC
  • Modifying agency: AU
  • Modifying agency: OCoLC
  • Modifying agency: Mx-PuUPA

046 ## - SPECIAL CODED DATES

  • Birth date: 19471228
  • Source of date scheme: edtf

100 1# - HEADING--PERSONAL NAME

  • Personal name: Freyer, Tony Allan
  • Dates associated with a name: 1947-

372 ## - FIELD OF ACTIVITY

  • Field of activity: Derecho--Historia
  • Source of term: lcsh

373 ## - ASSOCIATED GROUP

  • Associated group: Universidad Estatal de San Diego
  • Source of term: naf
  • End period: 1970

373 ## - ASSOCIATED GROUP

  • Associated group: Universidad de Indiana
  • Source of term: naf
  • End period: 1975

373 ## - ASSOCIATED GROUP

  • Associated group: Universidad de Arkansas en Little Rock
  • Source of term: naf
  • Start period: 1976
  • End period: 1981

373 ## - ASSOCIATED GROUP

  • Associated group: Universidad de Alabama
  • Source of term: naf
  • Start period: 1981

373 ## - ASSOCIATED GROUP

  • Associated group: Escuela de Negocios de Harvard
  • Source of term: naf
  • Start period: 1975
  • End period: 1976

373 ## - ASSOCIATED GROUP

  • Associated group: Centro Charles Warren de Estudios de Historia Estadounidense
  • Source of term: naf
  • Start period: 1981
  • End period: 1982

373 ## - ASSOCIATED GROUP

  • Associated group: Consejo de Investigación en Ciencias Sociales (EE.UU.)
  • Source of term: naf
  • Start period: 1995
  • End period: 1996

374 ## - OCCUPATION

  • Occupation: Profesor de derecho
  • Occupation: Profesor universitario
  • Occupation: Abogado
  • Occupation: Autor
  • Source of term: lcsh

375 ## - GENDER

  • Gender: hombre

377 ## - ASSOCIATED LANGUAGE

  • Language code: eng

400 1# - SEE FROM TRACING--PERSONAL NAME

  • Personal name: Freyer, Tony
  • Dates associated with a name: 1947-

670 ## - SOURCE DATA FOUND

  • Source citation: His Forums of order, 1979:
  • Information found: t.p. (Tony Allan Freyer)

670 ## - SOURCE DATA FOUND

  • Source citation: His Harmony & dissonance, 1981:
  • Information found: t.p. (Tony Freyer) CIP data sheet (b. 12/28/47)

670 ## - SOURCE DATA FOUND

  • Source citation: The Passenger Cases and the Commerce Clause, 2014
  • Information found: title page (Tony Allan Freyer) back cover (Tony Allan Freyer is University Research Professor of History and Law, Emeritus at the University of Alabama)

670 ## - SOURCE DATA FOUND

  • Source citation: The University of Alabama School of Law, Law School Directory website, viewed April 1, 2015
  • Information found: (Tony Freyer; University Research Professor Emerita of History and Law; Areas of Expertise: Legal History; Professor Freyer received an A.B. in 1970 from San Diego State University and an M.A. in 1972 and a Ph.D. in history in 1975 from Indiana University; taught at the University of Arkansas at Little Rock from 1976 to 1981, when he joined the University of Alabama faculty; was a Harvard-Newcomen Postdoctoral Fellow at the Harvard Business School in 1975-76; research fellow at the Charles Warren Center at Harvard in 1981-82; member of the editorial boards of the Business History Review, published by the Harvard Business School; teaches legal history; 1995-96 he held an Abe Fellowship from the Social Science Research Council)